000 01542cam a2200361 a 4500
001 15355938
005 20221011100432.0
008 080707s2009 enkae b 001 0 eng
010 _a 2008028275
020 _a9780749454562
020 _a0749454563
035 _a(OCoLC)ocn233591860
035 _a(OCoLC)233591860
040 _aDLC
_cDLC
_dYDXCP
_dBWKUK
_dBWK
_dCDX
_dBWX
_dDLC
050 0 0 _aHF5429
_b.F4973 2009
082 0 0 _a338.87
_bFIN
100 1 _aFinne, Sami.
_999764
245 1 4 _aThe retail value chain :
_bhow to gain competitive advantage through efficient consumer response (ECR) strategies /
_cSami Finne & Hanna Sivonen.
260 _aLondon ;
_aPhiladelphia :
_bKogan Page,
_c2009.
300 _ax, 369 p. :
_bill., plans ;
_c24 cm.
504 _aIncludes bibliographical references (p. [354]) and index.
650 0 _aRetail trade
_xManagement.
_921319
650 0 _aConsumers.
_999595
650 0 _aCompetition.
_991120
650 0 _aConsolidation and merger of corporations.
_999765
700 1 _aSivonen, Hanna.
_999766
856 4 2 _3Contributor biographical information
_uhttp://www.loc.gov/catdir/enhancements/fy0905/2008028275-b.html
856 4 2 _3Publisher description
_uhttp://www.loc.gov/catdir/enhancements/fy0905/2008028275-d.html
856 4 1 _3Table of contents only
_uhttp://www.loc.gov/catdir/enhancements/fy0905/2008028275-t.html
906 _a7
_bcbc
_corignew
_d1
_eecip
_f20
_gy-gencatlg
942 _2ddc
_cBK
999 _c591649
_d591649